00583nam a22001937a 450000500170000000800410001702000180005804000210007604100080009708200150010510000310012024500950015125000120024626000330025830000100029165000230030170000320032470000330035620231013131529.0231013b ||||| |||| 00| 0 eng d a9789391060831 aIN-DiNCcIN-DiNC dasm a306.3bBOR aBorgohain, Himantaeauthor aArthanaitik samajtattwa/cby Himanta Borgohain, Trailokya Dehingia and Birinchi Kumar Bora a2nd ed. aDibrugarh:bBanalata,c2022. a219p. aEconomic sociology aDehingia, Trailokyaeauthor aBora, Birinchi Kumareauthor